000
00234nam a22000977a 4500
003
OSt
008
210113b ||||| |||| 00| 0 eng d
100
_a
Fowler, H. W
_a
Fowler, C. B
_9
4835
245
_a
Concise Oxford Dictionary
942
_c
BK
999
_c
16449
_d
16449